000
00223nam a2200097Ia 4500
005
20251222114357.0
008
251222s1900||||xx |||||||||||||| ||spa||
082
_a
DVD0150/Z57/1997
245
0
_a
Jesús de Nazaret:
942
_c
DVD
999
_c
1464
_d
1464